000 00769nam a2200265 u 4500
001 000062391
005 20200120224240.0
008 140717s2001 ck o r 000 0 spa d
020 _a9588120691 (Obra completa)
020 _a9588120705 (v.1)
020 _a9588120713 (V.2)
041 0 _aJspa
043 _ac-k----
082 0 4 _a649.1
_bC72
_221
245 1 0 _aCreciendo juntos :
_bel gran libro de los padres responsables.
250 _a1a. ed.
260 _a[Bogotá] :
_bEditora Cultura Internacional,
_c2001.
300 _a2 v. :
_bfots.
_e29 cm.
500 _aIncluye índice
506 0 _aGeneral
650 1 7 _aCrianza de niños
_2LEMB
650 2 7 _aDesarrollo infantil
_2LEMB
650 2 7 _aEstimulación temprana
_2LEMB
650 2 7 _aPadres e hijos
_2LEMB
999 _c8648
_d8648